ბათუმის შოთა რუსთაველის სახელმწიფო უნივერსიტეტის ბიბლიოთეკა

Drugs and the neuroscience of behavior : (ბიბ.ჩანაწერი № 59812)

000 -LEADER
fixed length control field 00738cam a2200205 i 4500
001 - CONTROL NUMBER
control field 21467951
005 - DATE AND TIME OF LATEST TRANSACTION
control field 20230421145707.0
008 - FIXED-LENGTH DATA ELEMENTS--GENERAL INFORMATION
fixed length control field 200313s2021 caua b 001 0 eng
020 ## - INTERNATIONAL STANDARD BOOK NUMBER
International Standard Book Number 9781544362571x
041 ## - LANGUAGE CODE
Language code of text/sound track or separate title eng
080 ## - UNIVERSAL DECIMAL CLASSIFICATION NUMBER
Universal Decimal Classification number 615.1 P-94
100 ## - MAIN ENTRY--PERSONAL NAME
Personal name Prus, Adam J.
9 (RLIN) 17732
245 10 - TITLE STATEMENT
Title Drugs and the neuroscience of behavior :
Remainder of title an introduction to psychopharmacology /
Statement of responsibility, etc. Adam Prus.
250 ## - EDITION STATEMENT
Edition statement Third edition.
264 #1 - PRODUCTION, PUBLICATION, DISTRIBUTION, MANUFACTURE, AND COPYRIGHT NOTICE
Place of production, publication, distribution, manufacture Los Angeles :
Name of producer, publisher, distributor, manufacturer SAGE,
Date of production, publication, distribution, manufacture, or copyright notice 2021.
300 ## - PHYSICAL DESCRIPTION
Extent 646 pages :
Other physical details illustrations (some color) ;
Dimensions 24 cm.
653 ## - INDEX TERM--UNCONTROLLED
keyword ნარკოტიკები და ქცევის ნეირომეცნიერება
653 ## - INDEX TERM--UNCONTROLLED
keyword ფსიქოფარმაკოლოგია
942 ## - ADDED ENTRY ELEMENTS (KOHA)
Source of classification or shelving scheme
Koha item type წიგნი
ეგზემპლარები
Withdrawn status Lost status Source of classification or shelving scheme Damaged status Not for loan Permanent Location Current Location Shelving location Date acquired Cost, normal purchase price Full call number Barcode Date last seen Copy number Price effective from Koha item type Public note
          ბათუმის შოთა რუსთაველის სახელმწიფო უნივერსიტეტის მთავარი ბიბლიოთეკა ბათუმის შოთა რუსთაველის სახელმწიფო უნივერსიტეტის მთავარი ბიბლიოთეკა წიგნსაცავი 2023-04-21 546.00 615.1 P-94 29397 2023-04-21 29397 2023-04-21 წიგნი 546 ლ.